[Event "21st Dubai Open 2019"]
[Site "Dubai UAE"]
[Date "2019.04.01"]
[Round "1.4"]
[White "Kuzubov, Yuriy"]
[Black "Zarkovic, Mila"]
[Result "1-0"]
[WhiteTitle "GM"]
[BlackTitle "WIM"]
[WhiteElo "2644"]
[BlackElo "2187"]
[WhiteFideId "14112906"]
[BlackFideId "900451"]
[EventDate "2019.04.01"]

1. c4 Nf6 2. Nc3 c5 3. Nf3 e6 4. g3 b6 5. Bg2 Bb7 6. O-O a6 7. Re1 d6 8. e4 Be7
9. d4 cxd4 10. Nxd4 Qc7 11. b3 O-O 12. Bb2 Nbd7 13. f4 Rac8 14. Rc1 Qb8 15. e5
Ne8 16. f5 Bxg2 17. fxe6 fxe6 18. Kxg2 Qb7+ 19. Ne4 Nxe5 20. Nxe6 Rf7 21. Qd5
Bf6 22. Qxb7 Rxb7 23. Rcd1 Nd7 24. Bxf6 Ndxf6 25. Nxd6 Nxd6 26. Rxd6 Re8 27. Rd2
Rbe7 28. Rde2 Nd7 29. Nd4 Rxe2+ 30. Rxe2 Rxe2+ 31. Nxe2 Kf7 32. Kf3 Ke6 33. Nf4+
Ke5 34. Ke3 a5 35. Nd3+ Kd6 36. Kd4 Nf6 37. Ne5 Ne8 38. a3 Nc7 39. Nf7+ Ke7 40.
Ng5 h6 41. Ne4 Ne6+ 42. Ke5 Kd7 43. b4 axb4 44. axb4 Nd8 45. b5 Nb7 46. h4 Ke7
47. Kd5 Nd8 48. c5 bxc5 49. Nxc5 Nf7 50. b6 1-0

[Event "21st Dubai Open 2019"]
[Site "Dubai UAE"]
[Date "2019.04.01"]
[Round "1.5"]
[White "Mohannad, Farhan"]
[Black "Mareco, Sandro"]
[Result "1/2-1/2"]
[WhiteTitle "FM"]
[BlackTitle "GM"]
[WhiteElo "2158"]
[BlackElo "2666"]
[WhiteFideId "8100918"]
[BlackFideId "112275"]
[EventDate "2019.04.01"]

1. d4 Nf6 2. c4 g6 3. Nc3 d5 4. cxd5 Nxd5 5. Bd2 Bg7 6. e4 Nb6 7. Be3 O-O 8. h3
e5 9. d5 c6 10. Qb3 cxd5 11. Bxb6 axb6 12. Nxd5 Be6 13. Bc4 Nc6 14. Ne2 Qg5 15.
Qf3 Na5 16. h4 Qd8 17. Bb3 f5 18. Rd1 Nxb3 19. axb3 Bxd5 20. exd5 e4 21. Qe3 Ra2
22. Nf4 Bh6 23. h5 Qd6 24. g3 Rf6 25. Qc3 Bxf4 26. gxf4 Ra8 27. Qe5 Qb4+ 28. Qc3
Qd6 29. Qe5 Qb4+ 30. Qc3 Qxc3+ 31. bxc3 b5 32. Ke2 Rc8 33. Rc1 Rc5 1/2-1/2

[Event "21st Dubai Open 2019"]
[Site "Dubai UAE"]
[Date "2019.04.01"]
[Round "1.7"]
[White "Berke, Ana"]
[Black "Yilmaz, Mustafa"]
[Result "0-1"]
[WhiteTitle "WIM"]
[BlackTitle "GM"]
[WhiteElo "2146"]
[BlackElo "2636"]
[WhiteFideId "14510359"]
[BlackFideId "6302718"]
[EventDate "2019.04.01"]

1. e4 c5 2. Nf3 e6 3. d4 cxd4 4. Nxd4 Nc6 5. Nc3 Qc7 6. g3 a6 7. Bg2 Nf6 8. O-O
Bc5 9. Nxc6 dxc6 10. Bg5 Nd7 11. a4 h6 12. Bd2 a5 13. Qg4 Kf8 14. Kh1 h5 15. Qh4
Be7 16. Qf4 e5 17. Qe3 Bc5 18. Qd3 b6 19. Ne2 Ba6 20. c4 Nf6 21. f4 Rd8 22. Qc2
h4 23. fxe5 Ng4 24. h3 hxg3 25. Nxg3 Bxc4 26. Bg5 Bxf1 27. Rxf1 Qxe5 28. Bf4 Qd4
29. Nf5 Qd3 30. Qxd3 Rxd3 31. e5 Nf2+ 0-1

[Event "21st Dubai Open 2019"]
[Site "Dubai UAE"]
[Date "2019.04.01"]
[Round "1.9"]
[White "Franco Valencia, Angela"]
[Black "Sethuraman, S.P."]
[Result "0-1"]
[WhiteTitle "WIM"]
[BlackTitle "GM"]
[WhiteElo "2141"]
[BlackElo "2637"]
[WhiteFideId "4403070"]
[BlackFideId "5021596"]
[EventDate "2019.04.01"]

1. e4 g6 2. d4 Bg7 3. g3 d5 4. e5 c5 5. c3 Nc6 6. Bg2 Nh6 7. Ne2 Bg4 8. f3 Bd7
9. Bg5 Qb6 10. Qd2 cxd4 11. Bxh6 Bxh6 12. Qxh6 d3 13. Nf4 Qxb2 14. O-O Qxa1 15.
Nxd5 O-O-O 16. Nd2 Qxa2 17. c4 Be6 18. Nc3 Qa5 19. Nde4 Qxe5 0-1

[Event "21st Dubai Open 2019"]
[Site "Dubai UAE"]
[Date "2019.04.01"]
[Round "1.11"]
[White "Sultan, Ibrahim"]
[Black "Tabatabaei, M.amin"]
[Result "0-1"]
[WhiteTitle "IM"]
[BlackTitle "GM"]
[WhiteElo "2121"]
[BlackElo "2600"]
[WhiteFideId "9301143"]
[BlackFideId "12521213"]
[EventDate "2019.04.01"]

1. d4 e6 2. c4 b6 3. Nf3 Bb7 4. g3 Bb4+ 5. Bd2 Bxf3 6. exf3 Bxd2+ 7. Qxd2 Nf6 8.
Nc3 d5 9. b3 O-O 10. Bg2 Nc6 11. O-O dxc4 12. f4 Nxd4 13. Rfd1 c5 14. bxc4 Rc8
15. h3 Rc7 16. Qb2 Rd7 17. a4 a5 18. Rab1 Rd6 19. f3 Qd7 20. Kf2 Rd8 21. Rd2 h5
22. h4 Qc6 23. Rbd1 R6d7 24. Qb1 Ne8 25. Qe4 Qc8 26. Qe5 Nd6 27. Bf1 N6f5 28.
Rd3 Qc6 29. Qe4 Qc7 30. Qe1 Nd6 31. R3d2 Qc6 32. Qe3 N6f5 33. Qe4 Qc7 34. Qe1
Kf8 35. Bh3 Nd6 36. Bf1 Qc6 37. Qe3 N6f5 38. Qe4 Qc7 39. Qe1 g5 40. hxg5 h4 41.
Qe4 hxg3+ 42. Ke1 Nh4 43. Be2 Qxf4 44. Kf1 g2+ 0-1

[Event "21st Dubai Open 2019"]
[Site "Dubai UAE"]
[Date "2019.04.01"]
[Round "1.12"]
[White "Mchedlishvili, Mikheil"]
[Black "Ansat, Aldiyar"]
[Result "1-0"]
[WhiteTitle "GM"]
[BlackTitle "CM"]
[WhiteElo "2610"]
[BlackElo "2001"]
[WhiteFideId "13600966"]
[BlackFideId "13715658"]
[EventDate "2019.04.01"]

1. c4 Nf6 2. g3 e6 3. Bg2 d5 4. d4 dxc4 5. Nf3 Bd7 6. Ne5 Bc6 7. Nxc6 Nxc6 8.
O-O Qd7 9. e3 Be7 10. Qa4 Nb4 11. Qxd7+ Nxd7 12. Nd2 c5 13. dxc5 Nxc5 14. Nxc4
Rc8 15. Bd2 Ncd3 16. Na3 b6 17. Bc3 O-O 18. Nb5 a6 19. Nd4 Rfd8 20. Rfd1 e5 21.
Nf5 Bf8 22. g4 Rd7 23. Rd2 a5 24. Rad1 Rcd8 25. a3 g6 26. Nh6+ Bxh6 27. axb4 f5
28. bxa5 e4 29. axb6 Rd5 30. b7 Rb8 31. gxf5 gxf5 32. Bf1 f4 33. Bxd3 exd3 34.
e4 Rg5+ 35. Kf1 Rxb7 36. Rxd3 Rh5 37. h3 Rf7 38. Rd8+ Bf8 39. Ke2 Rg5 40. Kf3 h5
41. Bb4 1-0

[Event "21st Dubai Open 2019"]
[Site "Dubai UAE"]
[Date "2019.04.01"]
[Round "1.13"]
[White "Wang, Shanshan"]
[Black "Aravindh, Chithambaram VR."]
[Result "0-1"]
[BlackTitle "GM"]
[WhiteElo "2116"]
[BlackElo "2599"]
[WhiteFideId "8605262"]
[BlackFideId "5072786"]
[EventDate "2019.04.01"]

1. e4 c5 2. Nf3 d6 3. d4 cxd4 4. Nxd4 Nf6 5. Nc3 a6 6. Be2 e5 7. Nf3 Be7 8. Bg5
Be6 9. Bxf6 Bxf6 10. Nd5 Nd7 11. O-O O-O 12. a4 Rc8 13. c3 Be7 14. Nd2 Bxd5 15.
exd5 f5 16. Kh1 Bg5 17. Nc4 Qc7 18. a5 Rce8 19. Nd2 Bxd2 20. Qxd2 e4 21. b4 Ne5
22. c4 f4 23. f3 exf3 24. gxf3 Ng6 25. Rg1 Re3 26. Ra2 Rfe8 27. Qd1 Nh4 28. Rf1
Qe7 29. Rf2 Nf5 30. Rg2 Qh4 31. Kg1 R3e5 32. Rg4 Qh6 33. Qf1 Ne3 34. Qf2 Nxg4
35. fxg4 f3 36. Qxf3 Rf8 37. Qd3 Qf4 38. Qg3 Qc1+ 0-1

[Event "21st Dubai Open 2019"]
[Site "Dubai UAE"]
[Date "2019.04.01"]
[Round "1.14"]
[White "Can, Emre"]
[Black "Thrish, Karthik"]
[Result "1-0"]
[WhiteTitle "GM"]
[WhiteElo "2586"]
[BlackElo "2096"]
[WhiteFideId "6302181"]
[BlackFideId "46626433"]
[EventDate "2019.04.01"]

1. d4 d5 2. c4 dxc4 3. Nf3 a6 4. e3 b5 5. a4 Bb7 6. b3 e6 7. bxc4 bxc4 8. Bxc4
Nf6 9. Nbd2 Nbd7 10. Qb3 Ra7 11. O-O Be7 12. Ba3 Bxa3 13. Qxa3 Qe7 14. Nb3 Qxa3
15. Rxa3 O-O 16. Rc1 Bd5 17. Bd3 Rb8 18. Na5 Rb4 19. Ne1 e5 20. f3 exd4 21. e4
Be6 22. Nc6 Rbb7 23. Nxa7 Rxa7 24. Raa1 c5 25. Rab1 g5 26. Bc4 Ne8 27. e5 Rc7
28. Bxa6 c4 29. Nc2 d3 30. Ne3 Nxe5 31. Rb8 Kf8 32. Bb5 Nd7 33. Bxd7 Rxd7 34.
Nd1 Ke7 35. Kf2 Nd6 36. a5 Ra7 37. Ra1 Bc8 38. Nc3 Bb7 39. a6 Bc8 40. Rb6 1-0

[Event "21st Dubai Open 2019"]
[Site "Dubai UAE"]
[Date "2019.04.01"]
[Round "1.15"]
[White "Shiva, Pavan Teja Sharma U"]
[Black "Indjic, Aleksandar"]
[Result "0-1"]
[BlackTitle "GM"]
[WhiteElo "2093"]
[BlackElo "2620"]
[WhiteFideId "35063537"]
[BlackFideId "911925"]
[EventDate "2019.04.01"]

1. e4 c5 2. Nf3 Nc6 3. Bb5 e6 4. O-O Nge7 5. Re1 a6 6. Bxc6 Nxc6 7. d3 d5 8. Bg5
f6 9. exd5 Qxd5 10. Nc3 Qd8 11. Be3 e5 12. Nd2 Be7 13. Qh5+ g6 14. Qd1 O-O 15.
a4 Rb8 16. Qf3 Be6 17. Nc4 Nd4 18. Qd1 b5 19. axb5 axb5 20. Nd2 Nf5 21. Ra6 Bc8
22. Ra7 Bb7 23. Qe2 Qb6 24. Raa1 Nd4 25. Qd1 Nf5 26. Qe2 Rfe8 27. f3 Nd4 28. Qd1
f5 29. Bf2 Bg5 30. Nf1 Rbd8 31. Ne3 Qc6 32. Nf1 b4 33. Bxd4 cxd4 34. Na4 Rc8 35.
Re2 e4 36. fxe4 fxe4 37. Ng3 b3 38. cxb3 exd3 39. Qxd3 Rxe2 40. Qxe2 d3 41. Qf3
Be3+ 0-1

[Event "21st Dubai Open 2019"]
[Site "Dubai UAE"]
[Date "2019.04.01"]
[Round "1.16"]
[White "Abdusattorov, Nodirbek"]
[Black "Mihoubi, Saad"]
[Result "1-0"]
[WhiteTitle "GM"]
[WhiteElo "2560"]
[BlackElo "2088"]
[WhiteFideId "14204118"]
[BlackFideId "7901801"]
[EventDate "2019.04.01"]

1. e4 c5 2. Nf3 d6 3. d4 Nf6 4. Nc3 cxd4 5. Nxd4 Nc6 6. Bc4 e6 7. Be3 Be7 8. O-O
O-O 9. f4 a6 10. Bb3 Qc7 11. f5 Nxd4 12. Bxd4 b5 13. fxe6 Bxe6 14. Kh1 Rfe8 15.
Qf3 Rf8 16. Rae1 Bc4 17. Qg3 Nh5 18. Qg4 g6 19. Nd5 Bxd5 20. Bxd5 Rad8 21. Rf2
Qd7 22. Qf3 Ng7 23. Bxf7+ Kh8 24. Qc3 1-0

[Event "21st Dubai Open 2019"]
[Site "Dubai UAE"]
[Date "2019.04.01"]
[Round "1.17"]
[White "Kejzar, Petra"]
[Black "Pichot, Alan"]
[Result "0-1"]
[BlackTitle "GM"]
[WhiteElo "2082"]
[BlackElo "2584"]
[WhiteFideId "14610213"]
[BlackFideId "110973"]
[EventDate "2019.04.01"]

1. c4 c5 2. Nc3 Nc6 3. d3 g6 4. e4 Bg7 5. Nge2 e6 6. Be3 Nd4 7. Bxd4 cxd4 8. Nb5
Qb6 9. Qd2 a6 10. Na3 Ne7 11. Rc1 d6 12. g3 h5 13. f4 h4 14. Bg2 hxg3 15. hxg3
Rxh1+ 16. Bxh1 e5 17. b4 Nc6 18. Nc2 Bg4 19. a4 a5 20. b5 Nd8 21. fxe5 dxe5 22.
c5 Qxc5 23. Ncxd4 Qb4 24. Qxb4 axb4 25. Bf3 Bxf3 26. Nxf3 Rxa4 27. Rb1 Ne6 28.
Nc1 f6 29. Nb3 Bh6 30. Nfd2 Bxd2+ 31. Nxd2 Ra3 32. Nc4 Rxd3 33. Ke2 Rd4 34. Rxb4
Ke7 35. Nb6 Rxb4 36. Nd5+ Kd6 37. Nxb4 Nd4+ 38. Kd3 Nxb5 39. Nd5 f5 40. Ne3 Ke6
41. Nd5 Nd6 0-1

[Event "21st Dubai Open 2019"]
[Site "Dubai UAE"]
[Date "2019.04.01"]
[Round "1.18"]
[White "Santos Ruiz, Miguel"]
[Black "Mrudul, Dehankar"]
[Result "1-0"]
[WhiteTitle "GM"]
[BlackTitle "WCM"]
[WhiteElo "2560"]
[BlackElo "2078"]
[WhiteFideId "22291482"]
[BlackFideId "25096990"]
[EventDate "2019.04.01"]

1. d4 Nf6 2. c4 e6 3. Nf3 Bb4+ 4. Nbd2 b6 5. a3 Bxd2+ 6. Qxd2 Bb7 7. e3 O-O 8.
Be2 d6 9. O-O Ne4 10. Qc2 f5 11. Ne1 Nd7 12. f3 Nef6 13. b4 Qe7 14. Bb2 a5 15.
Nd3 e5 16. Nf2 e4 17. f4 c6 18. Bc3 axb4 19. axb4 Kh8 20. Qb3 Qf7 21. b5 c5 22.
d5 Rfd8 23. Kh1 h6 24. Rg1 Rxa1 25. Bxa1 Ra8 26. Bc3 Bc8 27. Qb2 Nf8 28. g4 N8h7
29. h3 Qa7 30. g5 hxg5 31. fxg5 Ne8 32. Bh5 Bd7 33. h4 Qa2 34. Nh3 Qxb2 35. Bxb2
Ra2 36. Rb1 Nc7 37. Nf4 Nf8 38. Ng6+ Nxg6 39. Bxg6 Ra4 40. Rc1 Rb4 41. Rc2 Rb3
42. Bc3 Rb1+ 43. Kg2 Kg8 44. Ra2 Rc1 45. Ra7 Be8 46. Rxc7 Bxg6 47. Rxg7+ Kf8 48.
Rxg6 Rxc3 49. Rxd6 Rxe3 50. Rf6+ Kg7 51. Rxf5 Rc3 52. h5 Rxc4 53. h6+ Kg6 54.
Rf6+ Kxg5 55. h7 Rc2+ 56. Rf2 1-0

[Event "21st Dubai Open 2019"]
[Site "Dubai UAE"]
[Date "2019.04.01"]
[Round "1.19"]
[White "Dimarucut, Francis Erwin"]
[Black "Bellahcene, Bilel"]
[Result "0-1"]
[BlackTitle "GM"]
[WhiteElo "2077"]
[BlackElo "2560"]
[WhiteFideId "5209277"]
[BlackFideId "696358"]
[EventDate "2019.04.01"]

1. d4 Nf6 2. Nf3 e6 3. c4 d5 4. g3 Bb4+ 5. Bd2 Be7 6. Qc2 O-O 7. Bg2 Nbd7 8. O-O
Ne4 9. Nc3 Nxd2 10. Nxd2 c6 11. e4 dxe4 12. Ndxe4 f5 13. Nd2 e5 14. d5 e4 15.
Rad1 Qe8 16. Rfe1 Qh5 17. f3 Bc5+ 18. Kh1 Bf2 19. Re2 Bxg3 20. Nf1 Bb8 21. fxe4
f4 22. d6 Ne5 23. Red2 Bg4 24. d7 Bc7 0-1

[Event "21st Dubai Open 2019"]
[Site "Dubai UAE"]
[Date "2019.04.01"]
[Round "1.20"]
[White "Debashis, Das"]
[Black "Kumar, Gaurav"]
[Result "1/2-1/2"]
[WhiteTitle "GM"]
[WhiteElo "2532"]
[BlackElo "2074"]
[WhiteFideId "5024854"]
[BlackFideId "5085578"]
[EventDate "2019.04.01"]

1. d4 Nf6 2. Nf3 e6 3. c4 Bb4+ 4. Nc3 c5 5. g3 Nc6 6. Bg2 Ne4 7. Bd2 Nxd2 8.
Qxd2 cxd4 9. Nxd4 Ne5 10. b3 Qa5 11. Rc1 Nc6 12. O-O a6 13. Rc2 O-O 14. Ra1 Ba3
15. e3 Nxd4 16. exd4 d6 17. Qd3 Qh5 18. Bf3 Qh6 19. Na4 Bb4 20. c5 d5 21. Nb6
Rb8 22. a3 Ba5 23. Rac1 g6 24. Qe3 Qxe3 25. fxe3 Bxb6 26. cxb6 Bd7 27. Rc7 Rfc8
28. R1c5 Bc6 29. Be2 Rxc7 30. bxc7 Rc8 31. Bxa6 Rxc7 32. Be2 Rc8 33. a4 Kf8 34.
b4 Ke7 35. b5 Bd7 36. Rxc8 Bxc8 37. b6 Kd6 38. Kf2 Bd7 39. a5 Ba4 40. Ke1 Kc6
41. Kd2 Bb5 42. Bd1 Bc4 43. Ba4+ Bb5 44. Bc2 Bc4 45. Ba4+ Bb5 46. Bb3 Bc4 47.
Ba4+ Bb5 48. Bb3 Bc4 49. Ba4+ Bb5 1/2-1/2

[Event "21st Dubai Open 2019"]
[Site "Dubai UAE"]
[Date "2019.04.01"]
[Round "1.21"]
[White "Loay, Sameer"]
[Black "Deepan, Chakkravarthy J."]
[Result "1/2-1/2"]
[WhiteTitle "CM"]
[BlackTitle "GM"]
[WhiteElo "2105"]
[BlackElo "2534"]
[WhiteFideId "8104239"]
[BlackFideId "5011132"]
[EventDate "2019.04.01"]

1. Nf3 g6 2. g3 Bg7 3. Bg2 f5 4. O-O Nf6 5. d4 O-O 6. c4 d6 7. Nc3 Nc6 8. b3 Ne4
9. Bb2 e6 10. e3 a5 11. Nxe4 fxe4 12. Nd2 d5 13. f3 exf3 14. Nxf3 b6 15. Ne5
Rxf1+ 16. Qxf1 Nxe5 17. dxe5 Bb7 18. cxd5 exd5 19. e4 dxe4 20. Rd1 Qg5 21. Qc4+
Kh8 22. Qxc7 Qe3+ 23. Kh1 Qe2 24. Rd8+ Bf8 25. Qc3 Rc8 26. Rxf8+ Kg7 27. Qd4
Kxf8 28. Qd6+ Kg7 29. Qf6+ Kh6 30. Qf4+ Kg7 31. Qf6+ 1/2-1/2

[Event "21st Dubai Open 2019"]
[Site "Dubai UAE"]
[Date "2019.04.01"]
[Round "1.22"]
[White "Ghaem Maghami, Ehsan"]
[Black "Concio, Michael Jr."]
[Result "1-0"]
[WhiteTitle "GM"]
[WhiteElo "2536"]
[BlackElo "2082"]
[WhiteFideId "12500739"]
[BlackFideId "5217873"]
[EventDate "2019.04.01"]

1. Nf3 Nf6 2. c4 e6 3. g3 b6 4. Bg2 Bb7 5. O-O Be7 6. d4 O-O 7. Re1 c5 8. d5
exd5 9. Nh4 Ne4 10. cxd5 Bxh4 11. Bxe4 Bf6 12. Nc3 d6 13. Bf4 Re8 14. Qc2 g6 15.
Bg2 Be5 16. Bxe5 Rxe5 17. e4 Re8 18. f4 f6 19. Rad1 Na6 20. a3 Qd7 21. Qf2 Rf8
22. Qf1 Nc7 23. Bh3 Qe7 24. Qd3 Bc8 25. g4 Ba6 26. Qg3 Nb5 27. Nxb5 Bxb5 28. e5
fxe5 29. fxe5 dxe5 30. g5 Bd7 31. d6 Qf7 32. Bg2 Rae8 33. Rxe5 Rxe5 34. Qxe5 Re8
35. Qc3 Qg7 36. Bd5+ Kh8 37. Rf1 Re5 38. Qxe5 1-0

[Event "21st Dubai Open 2019"]
[Site "Dubai UAE"]
[Date "2019.04.01"]
[Round "1.25"]
[White "Kuybokarov, Temur"]
[Black "Galindo, Joseph"]
[Result "1-0"]
[WhiteTitle "GM"]
[WhiteElo "2519"]
[BlackElo "2049"]
[WhiteFideId "14203049"]
[BlackFideId "5208254"]
[EventDate "2019.04.01"]

1. e4 c5 2. Nf3 d6 3. d4 cxd4 4. Nxd4 Nf6 5. Nc3 g6 6. Be3 Bg7 7. f3 O-O 8. Qd2
Nc6 9. O-O-O Bd7 10. g4 Rc8 11. h4 h5 12. gxh5 Nxh5 13. Rg1 Nxd4 14. Bxd4 e5 15.
Bxa7 Qa5 16. Be3 Be6 17. a3 Kh7 18. Nb5 Qa4 19. Nxd6 Rfd8 20. Bb5 Qb3 21. Bc4
Qa4 22. Bxe6 Rxd6 23. Bd5 Nf4 24. h5 Nxd5 25. hxg6+ fxg6 26. exd5 Qb3 27. Qd3
Qa2 28. Rxg6 Rxg6 29. Rh1+ Kg8 30. Qxg6 Qa1+ 31. Kd2 Rxc2+ 32. Kxc2 Qxh1 33. d6
Qxf3 34. d7 Qe2+ 35. Bd2 Qc4+ 36. Kb1 Qf1+ 37. Bc1 Qd3+ 38. Qxd3 1-0

[Event "21st Dubai Open 2019"]
[Site "Dubai UAE"]
[Date "2019.04.01"]
[Round "1.26"]
[White "Shanya, Mishra"]
[Black "Venkatesh, M.R."]
[Result "0-1"]
[BlackTitle "GM"]
[WhiteElo "2026"]
[BlackElo "2517"]
[WhiteFideId "46656065"]
[BlackFideId "5005779"]
[EventDate "2019.04.01"]

1. d4 g6 2. c4 Bg7 3. e4 d6 4. Be2 Nc6 5. Be3 e5 6. d5 Nd4 7. Nc3 c5 8. dxc6
bxc6 9. Nf3 c5 10. O-O Ne7 11. Nd5 Nxd5 12. cxd5 O-O 13. Nxd4 exd4 14. Bc1 f5
15. f3 Rb8 16. Bd3 Be5 17. f4 Bg7 18. Qf3 fxe4 19. Qxe4 Bg4 20. Qe1 Qd7 21. b3
Rbe8 22. Qg3 Be2 23. Rf2 Bxd3 24. Qxd3 Qf5 25. Qxf5 Rxf5 26. Bb2 Rxd5 27. g4 g5
28. f5 Bf6 29. Rd1 Rde5 30. b4 Re1+ 31. Rf1 Rxd1 32. Rxd1 Re2 33. Bc1 c4 34. a4
c3 35. h4 c2 36. Rf1 d3 37. hxg5 Bd4+ 38. Kh1 d2 39. Bxd2 Rxd2 0-1

[Event "21st Dubai Open 2019"]
[Site "Dubai UAE"]
[Date "2019.04.01"]
[Round "1.27"]
[White "Vishnu Prasanna, V"]
[Black "Saif, Malek"]
[Result "1-0"]
[WhiteTitle "GM"]
[BlackTitle "CM"]
[WhiteElo "2524"]
[BlackElo "2019"]
[WhiteFideId "5030692"]
[BlackFideId "8104220"]
[EventDate "2019.04.01"]

1. d4 Nf6 2. Nf3 d6 3. c4 Nbd7 4. Nc3 e5 5. e4 g6 6. Be2 Bg7 7. d5 Nc5 8. Nd2 a5
9. O-O O-O 10. Re1 Nfd7 11. Nf1 f5 12. exf5 gxf5 13. f4 e4 14. Be3 b6 15. Ng3
Nb8 16. Nh5 Bh8 17. Bd4 Qe7 18. Bxh8 Kxh8 19. Qd4+ Kg8 20. Bd1 Nbd7 21. Re3 Kf7
22. Rg3 Rg8 23. Rg7+ Rxg7 24. Qxg7+ Ke8 25. Qh8+ Nf8 26. Nf6+ Kd8 27. Nxh7 Qxh7
28. Qxf8+ Kd7 29. Nxe4 Nxe4 30. Ba4+ c6 31. Bxc6+ Kc7 32. Bxa8 Qh4 33. Rf1 Nd2
34. g3 Qh5 35. Qe7+ Kb8 36. Bc6 Nxc4 37. b3 Qe2 38. Qxe2 1-0

[Event "21st Dubai Open 2019"]
[Site "Dubai UAE"]
[Date "2019.04.01"]
[Round "1.28"]
[White "Sri, Sai Baswanth P"]
[Black "Sanal, Vahap"]
[Result "0-1"]
[BlackTitle "GM"]
[WhiteElo "2018"]
[BlackElo "2511"]
[WhiteFideId "25088793"]
[BlackFideId "6300545"]
[EventDate "2019.04.01"]

1. d4 Nf6 2. Bf4 c5 3. e3 Qb6 4. Nc3 d6 5. Qd2 g6 6. O-O-O Bg7 7. h4 a6 8. Be2
h5 9. Bg5 Nbd7 10. Nh3 Qa5 11. Kb1 b5 12. Bf3 Rb8 13. dxc5 b4 14. Ne4 Nxe4 15.
Bxe4 Qxc5 16. Qd5 Bb7 17. Qxc5 Nxc5 18. Bxb7 Rxb7 19. f3 Na4 20. c3 bxc3 21. b3
Nb2 22. Rd5 Nc4 23. e4 e6 24. Rd3 Kd7 25. Bc1 Rc8 26. Kc2 Ne5 27. Re3 Nc6 28.
Ba3 Nd4+ 29. Kd3 a5 30. Ng5 Ke8 31. Bxd6 Rd7 32. e5 Nf5 33. Rd1 Nxd6 34. exd6
Rxd6+ 35. Kc2 Rxd1 36. Kxd1 c2+ 0-1

[Event "21st Dubai Open 2019"]
[Site "Dubai UAE"]
[Date "2019.04.01"]
[Round "1.30"]
[White "Mohammed, Dilshad"]
[Black "Visakh, N R"]
[Result "0-1"]
[BlackTitle "IM"]
[WhiteElo "2006"]
[BlackElo "2509"]
[WhiteFideId "5050421"]
[BlackFideId "25012223"]
[EventDate "2019.04.01"]

1. Nf3 c5 2. c4 Nc6 3. d4 cxd4 4. Nxd4 Qb6 5. Nb3 Nf6 6. Nc3 e6 7. Bf4 Bb4 8.
Qc2 d5 9. cxd5 Nxd5 10. Bd2 O-O 11. g3 a5 12. a4 Bd7 13. Bg2 Rfc8 14. O-O Nce7
15. Nc1 Qa6 16. Nd3 Nxc3 17. bxc3 Nd5 18. Bxd5 exd5 19. Qb3 Bf8 20. Qxd5 Bc6 21.
Qd4 Re8 22. Be3 Re4 23. Qb6 Qc4 24. f3 Ra6 25. fxe4 Qxe4 26. Kf2 Rxb6 27. Bxb6
Qg2+ 28. Ke1 Qxh2 29. Bf2 Qg2 30. Ne5 Bc5 31. Nxf7 Bxf2+ 32. Rxf2 Qg1+ 33. Rf1
Qxg3+ 34. Kd2 Bd5 35. Rab1 Bxf7 36. Rxb7 Qg5+ 37. Kc2 Bg6+ 0-1

[Event "21st Dubai Open 2019"]
[Site "Dubai UAE"]
[Date "2019.04.01"]
[Round "1.31"]
[White "Harsha, Bharathakoti"]
[Black "Niklesh, Kumar Jain"]
[Result "1-0"]
[WhiteTitle "GM"]
[WhiteElo "2497"]
[BlackElo "1995"]
[WhiteFideId "5078776"]
[BlackFideId "5037921"]
[EventDate "2019.04.01"]

1. d4 d5 2. c4 e6 3. Nf3 Nf6 4. Bg5 Be7 5. e3 Nbd7 6. Nc3 h6 7. Bh4 O-O 8. Qc2
c5 9. Rd1 Qa5 10. a3 Nb6 11. Nd2 dxc4 12. Nxc4 Nxc4 13. Bxc4 cxd4 14. Rxd4 Rd8
15. Rxd8+ Qxd8 16. O-O a6 17. Rd1 Qc7 18. Bb3 Bd7 19. Nd5 Qxc2 20. Nxe7+ Kf8 21.
Bxc2 Kxe7 22. f3 Rc8 23. Rd2 g5 24. Bf2 Nd5 25. e4 Nf4 26. Bd4 f6 27. g3 Ng6 28.
Kf2 Ne5 29. f4 gxf4 30. gxf4 Ng6 31. Be3 Bc6 32. f5 exf5 33. exf5 Ne5 34. Bc5+
Kf7 35. Bb3+ Kg7 36. Be6 Bd7 37. b4 Bxe6 38. fxe6 Re8 39. Rd6 Kg6 40. Rb6 Nc4
41. Rxb7 Rxe6 42. a4 Nb2 43. Rb6 Nd3+ 44. Kf3 Rxb6 45. Bxb6 Nxb4 46. Ke4 f5+ 47.
Kd4 Kg5 48. Kc4 Nc6 49. Bg1 Ne5+ 50. Kc5 Nf3 51. Bf2 Nxh2 52. Kb6 Ng4 53. Bg1 f4
54. Kxa6 f3 55. a5 f2 56. Bxf2 Nxf2 57. Kb6 Ne4 58. Kc6 h5 59. a6 h4 60. a7 h3
61. a8=Q Kg4 62. Qb8 Ng3 63. Qb2 1-0

[Event "21st Dubai Open 2019"]
[Site "Dubai UAE"]
[Date "2019.04.01"]
[Round "1.32"]
[White "Krithigga, K"]
[Black "Sindarov, Javokhir"]
[Result "0-1"]
[BlackTitle "GM"]
[WhiteElo "2002"]
[BlackElo "2505"]
[WhiteFideId "25013505"]
[BlackFideId "14205483"]
[EventDate "2019.04.01"]

1. c4 e5 2. g3 Nc6 3. Bg2 Bc5 4. Nc3 a6 5. Nf3 Ba7 6. d3 Nge7 7. Rb1 O-O 8. b4
d5 9. b5 axb5 10. cxb5 Na5 11. Ba3 Re8 12. O-O f6 13. Nd2 Be6 14. Na4 Nf5 15.
Bb4 c6 16. bxc6 Nxc6 17. Bc5 Qa5 18. Bb6 Bxb6 19. Nxb6 Ra6 20. e4 dxe4 21. Nbc4
Qxa2 22. Bxe4 Re7 23. Qf3 Ncd4 24. Qg2 b5 25. Rb2 Qa4 26. Ne3 Ne2+ 27. Kh1 Nxe3
28. fxe3 Nc3 29. Bb7 Rxb7 30. Rc1 Rc7 31. Nb1 b4 32. Nxc3 bxc3 33. Rb8+ Kf7 34.
Qf3 Qg4 35. Qg2 Ra2 36. Qf1 Bd5+ 37. e4 Bxe4+ 38. dxe4 Qxe4+ 39. Kg1 Qd4+ 40.
Kh1 Qd2 0-1

[Event "21st Dubai Open 2019"]
[Site "Dubai UAE"]
[Date "2019.04.01"]
[Round "1.33"]
[White "Vokhidov, Shamsiddin"]
[Black "Isha, Sharma"]
[Result "1-0"]
[WhiteTitle "IM"]
[BlackTitle "WCM"]
[WhiteElo "2494"]
[BlackElo "1935"]
[WhiteFideId "14204223"]
[BlackFideId "35006665"]
[EventDate "2019.04.01"]

1. e4 e6 2. d4 d5 3. Bd3 dxe4 4. Bxe4 Nf6 5. Bf3 c5 6. Ne2 Nc6 7. Be3 Nd5 8.
Bxd5 Qxd5 9. Nbc3 Qd7 10. dxc5 Ne5 11. Qd4 Ng6 12. O-O-O Qxd4 13. Bxd4 Bd7 14.
f3 Bc6 15. b4 a6 16. Kb2 b5 17. Nc1 O-O-O 18. Nb3 Be7 19. Na5 Kc7 20. Bxg7 Rhg8
21. Bd4 e5 22. Bf2 f5 23. Nxc6 Kxc6 24. g3 Bf6 25. Kb3 h5 26. a4 bxa4+ 27. Nxa4
Rxd1 28. Rxd1 Rd8 29. Rxd8 Bxd8 30. c4 Nf8 31. Nc3 Ne6 32. b5+ axb5 33. cxb5+
Kd7 34. Nd5 Ng5 35. c6+ Kd6 36. Kc4 Ne6 37. Be1 Nd4 38. Bb4+ Ke6 39. Bc5 Nxb5
40. Kxb5 Kxd5 41. Bb6 1-0